Vector mechanics for engineers (Record no. 5208)
[ view plain ]
| 000 -LEADER | |
|---|---|
| fixed length control field | 00554nam a2200193Ia 4500 |
| 003 - CONTROL NUMBER IDENTIFIER | |
| control field | SGT |
| 020 ## - INTERNATIONAL STANDARD BOOK NUMBER | |
| International Standard Book Number | 9780070700307 |
| 082 ## - DEWEY DECIMAL CLASSIFICATION NUMBER | |
| Classification number | 620.105 |
| Item number | BEE |
| 100 ## - MAIN ENTRY--PERSONAL NAME | |
| Personal name | Beer,F.P |
| 245 ## - TITLE STATEMENT | |
| Title | Vector mechanics for engineers |
| 250 ## - EDITION STATEMENT | |
| Edition statement | 9th Ed. |
| 260 ## - PUBLICATION, DISTRIBUTION, ETC. (IMPRINT) | |
| Name of publisher, distributor, etc | Tata McGraw Hill Education Private Limited |
| Place of publication, distribution, etc | New Delhi |
| Year of Publication | 2010 |
| 300 ## - PAGE DESCRIPTION | |
| No. of Pages | 1325p. |
| 650 ## - SUBJECT ADDED ENTRY--TOPICAL TERM | |
| Topical term or geographic name as entry element | ELECTRONICS |
| 653 ## - KEYWORDS--INDEX TERM | |
| Keyword term | INTRODUCTION, STATICS OF PARTICLES, EQUIVALENT SYSTEMS OF FORCES, EQUILIBRIUM OF RIGID BODIES, CENTROIDS |
| 700 ## - ADDED ENTRY--PERSONAL NAME | |
| Personal name | Johnston,E.R |
| 700 ## - ADDED ENTRY--PERSONAL NAME | |
| Personal name | Mazurek,D.F |
| 942 ## - ADDED ENTRY ELEMENTS (KOHA) | |
| Source of classification or shelving scheme | Dewey Decimal Classification |
| Koha item type | Books |
| Withdrawn status | Lost status | Source of classification or shelving scheme | Damaged status | Not for loan | Home library | Current library | Date acquired | SGTU | Total Checkouts | Full call number | Accession No. (Barcode) | Date last seen | Bill Date | Koha item type |
|---|---|---|---|---|---|---|---|---|---|---|---|---|---|---|
| Dewey Decimal Classification | SGT Engineering Library | SGT Engineering Library | 24/06/2011 | SGTU | 620.105 BEE | FE3269 | 09/02/2015 | 09/02/2015 | Books | |||||
| Withdrawn | Dewey Decimal Classification | SGT Engineering Library | SGT Engineering Library | 24/06/2011 | SGTU | 620.105 BEE | FE3270 | 09/02/2015 | 09/02/2015 | Books | ||||
| Dewey Decimal Classification | SGT Engineering Library | SGT Engineering Library | 24/06/2011 | SGTU | 620.105 BEE | FE3271 | 09/02/2015 | 09/02/2015 | Books | |||||
| Dewey Decimal Classification | SGT Engineering Library | SGT Engineering Library | 24/06/2011 | SGTU | 620.105 BEE | FE3272 | 09/02/2015 | 09/02/2015 | Books | |||||
| Dewey Decimal Classification | SGT Engineering Library | SGT Engineering Library | 24/06/2011 | SGTU | 620.105 BEE | FE3273 | 09/02/2015 | 09/02/2015 | Books |